|
|
|
|
| LEADER |
00000nab#a22000007a#4500 |
| 001 |
arbauad005428 |
| 003 |
AR-BaUAD |
| 005 |
20250711110714.0 |
| 008 |
940825|||||||||###||||||b###|0###a|spa|| |
| 040 |
|
|
|a AR-BaUAD
|c AR-BaUAD
|b spa
|
| 100 |
|
|
|a Howart, Peter
|
| 245 |
|
|
|a London report /
|c Peter Howart;
|
| 300 |
0 |
|
|b p. 92-109/191: fot.
|
| 500 |
|
|
|a Reportaje a jovenes diseñadores de Inglaterra: Mark Powell, Jacqueline Rabun diseñadora de joyas colaboradora Koji Tatsuno, Ozwald Boateng, Nicky Lawler y Lori Duffy, diseñadores de calzado, Timoth Everest, Stephen Jones, Luigi Ontani.
|
| 653 |
|
|
|a REINO UNIDO
|
| 653 |
|
|
|a LONDRES
|
| 653 |
|
|
|a DISEÑADORES DE INDUMENTARIA
|
| 653 |
|
|
|a JOVENES
|
| 653 |
|
|
|a INDUMENTARIA MASCULINA
|
| 653 |
|
|
|a CONGRESOS
|
| 653 |
|
|
|a ENTREVISTAS
|
| 653 |
|
|
|a DISEÑO DE INDUMENTARIA
|
| 653 |
|
|
|a ACCESORIOS
|
| 653 |
|
|
|a JOYAS
|
| 653 |
|
|
|a CALZADO
|
| 773 |
0 |
|
|t L'Uomo Vogue
|g no. 248 [feb. 1994]
|
| 942 |
|
|
|c ARTI
|
| 952 |
|
|
|0 0
|1 0
|4 0
|7 0
|9 50348
|a AR-BAuAD
|b AR-BAuAD
|d 2025-07-11
|l 0
|p AAQA005428
|r 2025-07-11 11:07:14
|w 2025-07-11
|y ARTI
|
| 990 |
|
|
|a DT199
|b TD
|
| 998 |
|
|
|a AAQ
|b BIBUN76
|
| 999 |
|
|
|c 30021
|d 30021
|